Fange alle fallenden Länder - Statistiken

Allgemein
  • Dieses Quiz wurde 7.609 mal gespielt
  • Das Durchschnittsergebnis liegt bei 12 aus 20
Antworten auf der Karte
Die Antworten werden auf der Karte rot bzw. grün angezeigt, abhängig davon wie oft sie richtig erraten wurden.
 
Antwortstatistiken
Länder % Korrekt
Vereinigte Staaten
92%
Japan
89%
Ägypten
86%
Vereinigtes Königreich
84%
China
80%
Südafrika
74%
Schweden
67%
Thailand
67%
Neuseeland
64%
Saudi-Arabien
63%
Portugal
62%
Madagaskar
58%
Dänemark
56%
Ukraine
53%
Polen
52%
Kasachstan
51%
Venezuela
41%
Peru
33%
Äthiopien
24%
Nicaragua
22%
Keine übereinstimmenden Quizze gefunden
Verteilung der Resultate
Anzahl Personen mit jedem Resultat
Perzentil nach korrekt beantworteten Fragen
Ihre Resultats-Entwicklung
Sie haben dieses Quiz noch nicht gespielt